Man of the Match Winners - Cricket World Cup Finals - Statistics

General Stats
  • This quiz has been taken 68 times
  • The average score is 12 of 21
Answer Stats
Answer % Correct
Ben Stokes
94%
Mahendra Singh Dhoni
89%
Ricky Ponting
89%
Shane Warne
81%
Vivian Richards
73%
Travis Head
71%
Adam Gilchrist
65%
Clive Lloyd
62%
Mohinder Amarnath
57%
Mitchell Marsh
51%
Kumar Sangakkara
49%
Wasim Akram
49%
Aravinda de Silva
46%
Sam Curran
46%
James Faulkner
44%
Kyle Jamieson
40%
Marlon Samuels
40%
Shahid Afridi
37%
Irfan Pathan
35%
David Boon
32%
Craig Kieswetter
21%
No matching quizzes found
Score Distribution
Percent of People with Each Score
Percentile by Number Answered
Your Score History
You have not taken this quiz